| Tag |
First Indicator |
Second Indicator |
Subfields |
| LEADER |
00000cam a2200000L 4500 |
| 001 |
in00000572621 |
| 005 |
20151014063254.0 |
| 008 |
860225s1780 fr a 00000 fre d |
| 035 |
|
|
|a (OCoLC)15009543
|
| 035 |
|
|
|9 ACN3672AM
|
| 040 |
|
|
|a MNU
|c MNU
|d TXA
|d UtOrBLW
|
| 049 |
|
|
|a TXAS [rare]
|
| 090 |
|
|
|a QC83
|b .P3 1780
|
| 100 |
1 |
|
|a Paucton, Alexis-Jean-Pierre,
|d 1732-1798.
|
| 245 |
1 |
0 |
|a Metrologie, ou, Traite des mesures, poids et monnoies des anciens peuples et des modernes.
|
| 246 |
3 |
0 |
|a Traite des mesure
|
| 264 |
|
1 |
|a Paris :
|b Veuve Desaint,
|c 1780.
|
| 300 |
|
|
|a xv, 955, 6 pages :
|b tables. ;
|c 26 cm.
|
| 336 |
|
|
|a text
|b txt
|2 rdacontent
|
| 337 |
|
|
|a unmediated
|b n
|2 rdamedia
|
| 338 |
|
|
|a volume
|b nc
|2 rdacarrier
|
| 500 |
|
|
|a Dedication signed: Paucton.
|
| 650 |
|
0 |
|a Weights and measures
|x History.
|
| 650 |
|
0 |
|a Coinage
|x History.
|
| 999 |
|
|
|a MARS
|
| 999 |
f |
f |
|s 643f9b54-97cc-39b1-9d9a-0f548196cd79
|i 91b6e70b-1804-3405-b1d2-79f3a0d5163e
|t 0
|
| 952 |
f |
f |
|p noncirc
|a Texas A&M University
|b College Station
|c Cushing Memorial Library & Archives
|d Cushing: Rare Books (Does not check out)
|t 0
|e QC83 .P3 1780
|h Library of Congress classification
|i unmediated -- volume
|
| 998 |
f |
f |
|a QC83 .P3 1780
|t 0
|l Cushing: Rare Books (Does not check out)
|